Atlas of emergency medicine / (Record no. 43090)
[ view plain ]
| 000 -LEADER | |
|---|---|
| fixed length control field | 01891cam8a220044501 4500 |
| 001 - CONTROL NUMBER | |
| control field | lce01478486 |
| 008 - FIXED-LENGTH DATA ELEMENTS--GENERAL INFORMATION | |
| fixed length control field | 830105s1983 mdua 001 0 eng |
| 010 ## - LIBRARY OF CONGRESS CONTROL NUMBER | |
| LC control number | 82024839 |
| 020 ## - INTERNATIONAL STANDARD BOOK NUMBER | |
| International Standard Book Number | 0683073648 |
| 035 ## - SYSTEM CONTROL NUMBER | |
| System control number | (Sirsi) r67258 |
| 035 ## - SYSTEM CONTROL NUMBER | |
| System control number | (DLC) 82024839 |
| 035 ## - SYSTEM CONTROL NUMBER | |
| System control number | (UPRA)lce01478486 |
| 040 ## - CATALOGING SOURCE | |
| Modifying agency | UPRA |
| 050 1# - LIBRARY OF CONGRESS CALL NUMBER | |
| Classification number | RC86.7 |
| Item number | .R67 1983 |
| 060 ## - NATIONAL LIBRARY OF MEDICINE CALL NUMBER | |
| Classification number | WB 17 R813a |
| 082 0# - DEWEY DECIMAL CLASSIFICATION NUMBER | |
| Classification number | 616/.025 |
| Edition number | 19 |
| 100 1# - MAIN ENTRY--PERSONAL NAME | |
| Personal name | Rosen, Peter, 1935- |
| Dates associated with a name | Rosen, Peter, 1935- |
| Linkage | A27927.1 |
| 245 10 - TITLE STATEMENT | |
| Title | Atlas of emergency medicine / |
| Statement of responsibility, etc. | Peter Rosen, George Sternbach ; illustrated by Diane Abeloff. |
| 250 ## - EDITION STATEMENT | |
| Edition statement | 2nd ed. |
| 260 ## - PUBLICATION, DISTRIBUTION, ETC. | |
| Place of publication, distribution, etc. | Baltimore : |
| Name of publisher, distributor, etc. | Williams & Wilkins, |
| Date of publication, distribution, etc. | c1983. |
| 500 ## - GENERAL NOTE | |
| General note | Includes index. |
| 650 #0 - SUBJECT ADDED ENTRY--TOPICAL TERM | |
| Topical term or geographic name entry element | Medical emergencies -- Atlases. |
| General subdivision | Medical emergencies -- Atlases. |
| Linkage | S20134.1 |
| 650 #2 - SUBJECT ADDED ENTRY--TOPICAL TERM | |
| Topical term or geographic name entry element | Emergency medicine -- Atlases. |
| General subdivision | Emergency medicine -- Atlases. |
| Linkage | S20135.1 |
| 700 1# - ADDED ENTRY--PERSONAL NAME | |
| Personal name | Sternbach, George L., 1946- |
| Dates associated with a name | Sternbach, George L., 1946- |
| Linkage | A27928.1 |
| 949 ## - LOCAL PROCESSING INFORMATION (OCLC) | |
| a | RC86.7 |
| w | LC |
| i | -90076 |
| m | MEDICAL |
| p | 1500 |
| t | BOOK |
| l | ON-SHELF |
| 949 ## - LOCAL PROCESSING INFORMATION (OCLC) | |
| a | RC86.7 |
| w | LC |
| i | -90077 |
| m | MEDICAL |
| p | 1500 |
| t | BOOK |
| l | ON-SHELF |
| 949 ## - LOCAL PROCESSING INFORMATION (OCLC) | |
| a | RC86.7 |
| w | LC |
| i | -90078 |
| m | MEDICAL |
| p | 1500 |
| t | BOOK |
| l | ON-SHELF |
| 949 ## - LOCAL PROCESSING INFORMATION (OCLC) | |
| a | RC86.7 |
| w | LC |
| i | -90079 |
| m | MEDICAL |
| p | 1500 |
| t | BOOK |
| l | ON-SHELF |
| 949 ## - LOCAL PROCESSING INFORMATION (OCLC) | |
| a | RC86.7 |
| w | LC |
| i | -90080 |
| m | MEDICAL |
| p | 1500 |
| t | BOOK |
| l | ON-SHELF |
| 949 ## - LOCAL PROCESSING INFORMATION (OCLC) | |
| a | RC86.7 |
| w | LC |
| i | -90081 |
| m | MEDICAL |
| p | 1500 |
| t | BOOK |
| l | ON-SHELF |
| 949 ## - LOCAL PROCESSING INFORMATION (OCLC) | |
| a | RC86.7 |
| w | LC |
| i | -90082 |
| m | MEDICAL |
| p | 1500 |
| t | BOOK |
| l | ON-SHELF |
| 949 ## - LOCAL PROCESSING INFORMATION (OCLC) | |
| a | RC86.7 |
| w | LC |
| i | -90083 |
| m | MEDICAL |
| p | 1500 |
| t | BOOK |
| l | ON-SHELF |
| 949 ## - LOCAL PROCESSING INFORMATION (OCLC) | |
| a | RC86.7 |
| w | LC |
| i | -90084 |
| m | MEDICAL |
| p | 1500 |
| t | BOOK |
| l | ON-SHELF |
| 949 ## - LOCAL PROCESSING INFORMATION (OCLC) | |
| a | RC86.7 |
| w | LC |
| i | -90085 |
| m | MEDICAL |
| p | 1500 |
| t | BOOK |
| l | ON-SHELF |
| 949 ## - LOCAL PROCESSING INFORMATION (OCLC) | |
| a | RC86.7 |
| w | LC |
| i | -90086 |
| m | MEDICAL |
| p | 1500 |
| t | BOOK |
| l | ON-SHELF |
| 949 ## - LOCAL PROCESSING INFORMATION (OCLC) | |
| a | RC86.7 |
| w | LC |
| i | -90087 |
| m | MEDICAL |
| p | 1500 |
| t | BOOK |
| l | ON-SHELF |
| 949 ## - LOCAL PROCESSING INFORMATION (OCLC) | |
| a | RC86.7 |
| w | LC |
| i | -90088 |
| m | MEDICAL |
| p | 1500 |
| t | BOOK |
| l | ON-SHELF |
| 949 ## - LOCAL PROCESSING INFORMATION (OCLC) | |
| a | RC86.7 |
| w | LC |
| i | -90089 |
| m | MEDICAL |
| p | 1500 |
| t | BOOK |
| l | ON-SHELF |
| Withdrawn status | Lost status | Source of classification or shelving scheme | Damaged status | Not for loan | Home library | Current library | Shelving location | Total Checkouts | Full call number | Barcode | Date last seen | Copy number | Price effective from | Koha item type |
|---|---|---|---|---|---|---|---|---|---|---|---|---|---|---|
| Library of Congress Classification | Medical Library | Medical Library | On Shelf | RC86.7 ROS | 33729000199062 | 08/13/2019 | 1 | 08/13/2019 | Book | |||||
| Library of Congress Classification | Medical Library | Medical Library | On Shelf | RC86.7 ROS | -90077 | 08/13/2019 | 2 | 08/13/2019 | Book | |||||
| Library of Congress Classification | Medical Library | Medical Library | On Shelf | RC86.7 ROS | -90078 | 08/13/2019 | 3 | 08/13/2019 | Book | |||||
| Library of Congress Classification | Medical Library | Medical Library | On Shelf | RC86.7 ROS | -90079 | 08/13/2019 | 4 | 08/13/2019 | Book | |||||
| Library of Congress Classification | Medical Library | Medical Library | On Shelf | RC86.7 ROS | -90080 | 08/13/2019 | 5 | 08/13/2019 | Book | |||||
| Library of Congress Classification | Medical Library | Medical Library | On Shelf | RC86.7 ROS | -90081 | 08/13/2019 | 6 | 08/13/2019 | Book | |||||
| Library of Congress Classification | Medical Library | Medical Library | On Shelf | RC86.7 ROS | -90082 | 08/13/2019 | 7 | 08/13/2019 | Book | |||||
| Library of Congress Classification | Medical Library | Medical Library | On Shelf | RC86.7 ROS | -90083 | 08/13/2019 | 8 | 08/13/2019 | Book | |||||
| Library of Congress Classification | Medical Library | Medical Library | On Shelf | RC86.7 ROS | -90084 | 08/13/2019 | 9 | 08/13/2019 | Book | |||||
| Library of Congress Classification | Medical Library | Medical Library | On Shelf | RC86.7 ROS | -90085 | 08/13/2019 | 10 | 08/13/2019 | Book | |||||
| Library of Congress Classification | Medical Library | Medical Library | On Shelf | RC86.7 ROS | -90086 | 08/13/2019 | 11 | 08/13/2019 | Book | |||||
| Library of Congress Classification | Medical Library | Medical Library | On Shelf | RC86.7 ROS | -90087 | 08/13/2019 | 12 | 08/13/2019 | Book | |||||
| Library of Congress Classification | Medical Library | Medical Library | On Shelf | RC86.7 ROS | -90088 | 08/13/2019 | 13 | 08/13/2019 | Book | |||||
| Library of Congress Classification | Medical Library | Medical Library | On Shelf | RC86.7 ROS | -90089 | 08/13/2019 | 14 | 08/13/2019 | Book |